<?xml version="1.0" encoding="UTF-8"?>
<collection xmlns="http://www.loc.gov/MARC21/slim">
    <record>
        <controlfield tag="001">56682</controlfield>
        <controlfield tag="005">20170327111934.0</controlfield>
        <datafield tag="024" ind1="8" ind2=" ">
            <subfield code="2">sideral</subfield>
            <subfield code="a">95799</subfield>
        </datafield>
        <datafield tag="037" ind1=" " ind2=" ">
            <subfield code="a">ART-2015-95799</subfield>
        </datafield>
        <datafield tag="041" ind1=" " ind2=" ">
            <subfield code="a">eng</subfield>
        </datafield>
        <datafield tag="100" ind1=" " ind2=" ">
            <subfield code="a">Boza Valle, Jhon</subfield>
        </datafield>
        <datafield tag="245" ind1=" " ind2=" ">
            <subfield code="a">Piloto de emprendimientos turisticos y su aporte en el desarrollo del ecoturismo sostenible</subfield>
        </datafield>
        <datafield tag="260" ind1=" " ind2=" ">
            <subfield code="c">2015</subfield>
        </datafield>
        <datafield tag="506" ind1="0" ind2=" ">
            <subfield code="a">Access copy available to the general public</subfield>
            <subfield code="f">Unrestricted</subfield>
        </datafield>
        <datafield tag="520" ind1="3" ind2=" ">
            <subfield code="a">El objetivo de este artículo es determinar los factores que inciden en el ecoturismo del entorno del camino principal andino Qhapaq Ñan del Parque Nacional Sangay, el turismo es un mecanismo de distracción social brindando múltiples beneficios a todos quienes lo practican, siendo una fuente de ingreso para los países y potenciador de bienestar a las comunidades que se amparan de estos recursos económicos. En Ecuador una fuente de ingreso se lograría de manera importante si se explota de forma ordenada y planificada el camino del Inca en la mejora del estilo de vida de los habitantes.¿Se destaca la importancia del cuidado y respeto por la naturaleza en cuanto a su aprovechamiento de los espacios que este da, compactando el desarrollo sostenible con desarrollo local, también se destaca la importancia de la participación del gobierno autónomo descentralizado municipal y los entes de gobierno, esto no es posible sin una adecuada utilización de los recursos naturales y cuidado de la diversidad biológica desde el componente socio-económico. Es relevante que se genere un proceso de educación ambiental tanto a las comunidades como a los visitantes para crear una conciencia sobre la protección y conservación de los recursos naturales y el uso responsable.</subfield>
        </datafield>
        <datafield tag="540" ind1=" " ind2=" ">
            <subfield code="9">info:eu-repo/semantics/openAccess</subfield>
            <subfield code="a">by-nc</subfield>
            <subfield code="u">http://creativecommons.org/licenses/by-nc/3.0/es/</subfield>
        </datafield>
        <datafield tag="655" ind1=" " ind2="4">
            <subfield code="a">info:eu-repo/semantics/article</subfield>
            <subfield code="v">info:eu-repo/semantics/publishedVersion</subfield>
        </datafield>
        <datafield tag="700" ind1=" " ind2=" ">
            <subfield code="0">(orcid)0000-0001-9819-8649</subfield>
            <subfield code="a">Feijoo, María Luisa</subfield>
            <subfield code="u">Universidad de Zaragoza</subfield>
        </datafield>
        <datafield tag="700" ind1=" " ind2=" ">
            <subfield code="a">Remigio Ortiz, C</subfield>
        </datafield>
        <datafield tag="700" ind1=" " ind2=" ">
            <subfield code="a">Majarrez Fuentes, Nelly</subfield>
        </datafield>
        <datafield tag="700" ind1=" " ind2=" ">
            <subfield code="a">Tachong Alencastro, Laura</subfield>
        </datafield>
        <datafield tag="710" ind1="2" ind2=" ">
            <subfield code="1">4000</subfield>
            <subfield code="2">415</subfield>
            <subfield code="a">Universidad de Zaragoza</subfield>
            <subfield code="b">Departamento de Análisis Económico</subfield>
            <subfield code="c">Fundamentos del Análisis Económico</subfield>
        </datafield>
        <datafield tag="773" ind1=" " ind2=" ">
            <subfield code="g">7 (2015), 65-76</subfield>
            <subfield code="p">Res non verba</subfield>
            <subfield code="t">Res non verba</subfield>
            <subfield code="x">2112-1664</subfield>
        </datafield>
        <datafield tag="856" ind1="4" ind2="1">
            <subfield code="u">biblio.ecotec.edu.ec/revista/edicion7/articulo-5.pdf</subfield>
            <subfield code="z">Texto completo de la revista</subfield>
        </datafield>
        <datafield tag="856" ind1="4" ind2=" ">
            <subfield code="s">220918</subfield>
            <subfield code="u">http://zaguan.unizar.es/record/56682/files/texto_completo.pdf</subfield>
            <subfield code="y">Versión publicada</subfield>
        </datafield>
        <datafield tag="856" ind1="4" ind2=" ">
            <subfield code="s">39509</subfield>
            <subfield code="u">http://zaguan.unizar.es/record/56682/files/texto_completo.jpg?subformat=icon</subfield>
            <subfield code="x">icon</subfield>
            <subfield code="y">Versión publicada</subfield>
        </datafield>
        <datafield tag="909" ind1="C" ind2="O">
            <subfield code="o">oai:zaguan.unizar.es:56682</subfield>
            <subfield code="p">articulos</subfield>
            <subfield code="p">driver</subfield>
        </datafield>
        <datafield tag="951" ind1=" " ind2=" ">
            <subfield code="a">2016-09-20-11:26:00</subfield>
        </datafield>
        <datafield tag="980" ind1=" " ind2=" ">
            <subfield code="a">ARTICLE</subfield>
        </datafield>
    </record>

    
</collection>